00474nam a2200205Ia 4500003000900000008004100009040001300050040001300063041000800076100002100084100000900105245004100114250002200155260002100177260000900198300001100207300001000218490003400228490000600262IT-RoPAU120407s9999 xx 000 0 und d aIT-RoPAU cIT-RoPAU aita aSandro Spinsanti ccur. aBioetica e grandi religioni. AA. VV. aCinisello Balsamo aEdizioni Paoline c1987 a155 p. c21 cm aEtica professionale e sociale v4